000
00296nam a22001337a 4500
040
_c
NUST
082
_a
629.132
_b
LIU
100
_a
Liu, Peiqing
_9
118656
245
_a
Aerodynamics /
_c
Peiqing Liu
260
_a
China :
_b
Springer;
_c
2022.
300
_a
852p.
521
_b
HB
942
_2
ddc
_c
BK
999
_c
606831
_d
606831